PRICE stabilization of tropical timber and timber products through supply management and rationalization

Bibliographic Details
Corporate Author: United Nations. Economic and Social Commission for Asia and the Pacific
Format: Book
Published: [Bangkok] : Economic and Social Commission for Asia and the Pacific, United Nations, New York , 1991
Subjects:

MARC

LEADER 00000cam a2200000 7i4500
001 0000001320
005 20140418.0
090 0 0 |a 338.47674   |b PRI 1991 
245 0 0 |a PRICE stabilization of tropical timber and timber products through supply management and rationalization 
260 0 0 |a [Bangkok] :   |b Economic and Social Commission for Asia and the Pacific, United Nations, New York ,   |c 1991 
300 |a vi, 52 p. ;   |c 24 cm. 
500 0 0 |a "ST/ESCAP/759"--T.p. verso 
650 0 0 |a Forest products industry   |x Prices   |z Asia   |x Case studies 
650 0 0 |a Forest products industry   |x Prices   |z Pacific Area   |x Case studies 
650 0 0 |a Lumber trade   |x Prices   |z Asia   |x Case studies 
650 0 0 |a Lumber trade   |x Prices   |z Pacific Area   |x Case studies 
710 1 1 |a United Nations. Economic and Social Commission for Asia and the Pacific 
998 |a JPSM 
999 |a 0000002770   |b Monograph   |c Open Shelf   |e Default branch